000 00736cam0a220026500 4500
001 qce00205949
005 20190813180745.0
008 781012s1963 ilua b 000 0 eng
010 _a 63011527
035 _a(Sirsi) r68239
035 _a(QCAT)lss02110957
035 _a(UPRA)qce00205949
040 _dUPRA
050 _aRM105
_b.M3
082 _a615
100 1 _cSister.
_6A29240.1
245 1 0 _aOutline of pharmacology and therapeutics.
260 _aSpringfield, IL :
_bC.C. Thomas,
_c[1963]
504 _aBibliography: p. 241-244.
650 0 _aPharmacology.
_6S180.1
650 0 _aTherapeutics.
_6S532.1
650 2 _aPharmacology
_6S180.1
949 _aRM105
_wLC
_i-91522
_mMEDICAL
_tBOOK
_lON-SHELF
004 68239
999 _c44904
_d44904